London Tube Stations - Sudden Death - Statistics

General Stats
  • This quiz has been taken 2,423 times
    2,405 since last reset
  • The average score is 9 of 17
Answers on the Grid
Answers color-coded by a green-red scale on the quiz's grid according to % correct below.
Angel
Arsenal
Barbican
Barking
Brick Lane
Bumblewick
Caledonian Road
Chelsea
Chortle Edge
Cockfosters
Covent Garden
East Ham
East India
Elephant and Castle
Knightsbridge
Maida Vale
Moochley Vale
Nobberton Rise
Noodlewich
Park Royal
Piccadilly Circus
Piffleton Green
Snogglethorpe
Soggy Bottom
Swiss Cottage
Tooting Broadway
Totteridge & Whetstone
Twiddleham Cross
Wibblethorpe
Wonkton Cross
 
Answer Stats
Answer % Correct
Piccadilly Circus
73%
Covent Garden
66%
Angel
62%
Barking
61%
Arsenal
58%
Elephant and Castle
58%
Barbican
57%
Knightsbridge
57%
Cockfosters
54%
Tooting Broadway
49%
East Ham
48%
Swiss Cottage
44%
Caledonian Road
42%
Maida Vale
41%
Park Royal
32%
Totteridge & Whetstone
31%
East India
25%
No matching quizzes found
Score Distribution
Percent of People with Each Score
Percentile by Number Answered
Your Score History
You have not taken this quiz since the last reset